000 00321nam a22001337a 4500
008 180201b xxu||||| |||| 00| 0 eng d
020 _a9780471384533
041 _aeng
080 _a371
100 _a46
101 _aEDU
245 _aA Primer on Organizational Behavior
_cBowditch, J.L & Buono, A.F
942 _2udc
_cBK
999 _c41423
_d41423